Word Ladder: 2016 World Series Champs Quiz Stats

 Plays Quiz Updated Aug 6, 2018

Challenge
Share
Tweet
Embed
Score 0/30 Timer 04:00
0 Plays Today
Clue Word % Correct
Havana's islandCUBA
98%
Low-pitched brass hornTUBA
97.5%
Cat food flavorTUNA
97.2%
Fey, Belcher, or Turner, e.g.TINA
96.5%
Word to end a prayerAMEN
95.8%
2016 World Series Champs•CUBS•
95.6%
... Lived happily ____ afterEVER
95.6%
Peter Pan fairy, for shortTINK
95.4%
Like 2, 4, 6, or 8EVEN
95.3%
Worm on a fishing lineBAIT
95.3%
Show off muscleFLEX
94.8%
First known garden on earthEDEN
94.8%
Obnoxious misbehaving childBRAT
93.7%
Choose a hand toolPICK
93.4%
'Roll ____ Beethoven'•OVER•
93.4%
Clue Word % Correct
'So What' singerPINK
93.1%
Corporal or colonel, e.g.RANK
93%
'____ and Morty' RICK
93%
Visa or Master Card competitor (abbr.)AMEX
92.8%
Paul McCartney or Tony Blair, e.g.BRIT
92.6%
Country's pennantFLAG
92.6%
Seed with fiber and omega-3FLAX
92.5%
'____, ____, Don't Tell me'•WAIT•
92.2%
Spice jar holderRACK
92.1%
'I'll take 'Sporcle' for $200, ____'ALEX
91.9%
Port city in YemenADEN
91.5%
Desire, deficiencyWANT
91.4%
Have a verbal fitRANT
91.2%
Pompous pronouncementBRAG
87.2%
Dangerous grenade, for shortFRAG
86.7%

Today's Daily Dose

You're not logged in!

Compare scores with friends on all Sporcle quizzes.
Join for Free
OR
Log In

You Might Also Like...

Show Comments

Extras

Top Quizzes Today


Score Distribution

Your Account Isn't Verified!

In order to create a playlist on Sporcle, you need to verify the email address you used during registration. Go to your Sporcle Settings to finish the process.

Report this User

Report this user for behavior that violates our Community Guidelines.

Details: